| 000 | 00657nam a22002177a 4500 | ||
|---|---|---|---|
| 999 |
_c3936 _d3936 |
||
| 003 | AR-CdUCM | ||
| 008 | 190307b ||||| |||| 00| 0 spa d | ||
| 020 | _a84-499-6408-3 | ||
| 040 |
_aMUNICIPALIDAD PROVINCIAL DEL CUSCO _cBIBLIOTECA MUNICIPAL DEL CUSCO |
||
| 082 |
_a920.042 / _bC578 |
||
| 100 |
_aChurchill, Winston _912604 |
||
| 245 | _aGrandes Contemporáneos / | ||
| 260 |
_aEspaña : _bHyspamerica ; _c1983. |
||
| 300 |
_a285 páginas ; _c20cm |
||
| 505 | _aContenido: Novela | ||
| 650 |
_aLiteratura inglesa _97989 |
||
| 650 |
_aSiglo XIX _9971 |
||
| 700 |
_aFraga de Porto, Pedro (traducción) _912605 |
||
| 942 |
_2ddc _cLIBROS |
||
| 945 | _anom | ||